000 00562nam a2200217Ia 4500
003 OSt
005 20220928145318.0
006 a|||||r|||| 00| 0
007 ta
008 220927b |||||||| |||| 00| 0 eng d
024 _a80063
037 _cTextual
040 _aSDCL
_cSDCL
_beng
041 _2eng
_aeng
082 _aI5556:66, L6
100 _aBeck Charles B Ed.
_9512534
245 0 _aOrigin and early evolution of angiosperms.
260 _c1976
942 _hI5556:66, L6
_cTEXL
_2CC
999 _c833119
_d833119